Research Methodology: Methods & Techniques (Record no. 3341)
[ view plain ]
| 000 -LEADER | |
|---|---|
| fixed length control field | 00340nam a2200133Ia 4500 |
| 008 - FIXED-LENGTH DATA ELEMENTS--GENERAL INFORMATION | |
| fixed length control field | 191201s2007 xx 000 0 und d |
| 082 ## - DEWEY DECIMAL CLASSIFICATION NUMBER | |
| Classification number | 658.007 |
| Item number | KOR |
| 100 ## - MAIN ENTRY--PERSONAL NAME | |
| Personal name | KOTHARI, C R |
| 245 #0 - TITLE STATEMENT | |
| Title | Research Methodology: Methods & Techniques |
| 260 ## - PUBLICATION, DISTRIBUTION, ETC. (IMPRINT) | |
| Place of publication, distribution, etc | N.Delhi |
| Name of publisher, distributor, etc | New Age International |
| Date of publication, distribution, etc | 2007 |
| 300 ## - PHYSICAL DESCRIPTION | |
| Extent | 401 |
| 650 ## - SUBJECT ADDED ENTRY--TOPICAL TERM | |
| Topical term or geographic name as entry element | MBA |
| 942 ## - ADDED ENTRY ELEMENTS (KOHA) | |
| Source of classification or shelving scheme | Dewey Decimal Classification |
| Koha item type | Text Books |
| Withdrawn status | Lost status | Source of classification or shelving scheme | Damaged status | Not for loan | Collection code | Home library | Current library | Date acquired | Source of acquisition | Cost, normal purchase price | Bill Number | Total Checkouts | Full call number | Acc. no. / Barcode | Date last seen | Date last borrowed | Bill Date | Koha item type | Checked out |
|---|---|---|---|---|---|---|---|---|---|---|---|---|---|---|---|---|---|---|---|
| Dewey Decimal Classification | MBA | PIET C-LIBRARY | PIET C-LIBRARY | 28/01/2008 | J B C, New Delhi | 200.00 | 1909 | 3 | 658.007 KOR | 8605 | 27/02/2025 | 08/02/2025 | 09/10/2008 | Text Books | |||||
| Dewey Decimal Classification | MBA | PIET C-LIBRARY | PIET C-LIBRARY | 28/01/2008 | J B C, New Delhi | 200.00 | 1909 | 2 | 658.007 KOR | 8606 | 13/01/2024 | 13/01/2024 | 09/10/2008 | Text Books | 11/07/2024 | ||||
| Dewey Decimal Classification | MBA | PIET C-LIBRARY | PIET C-LIBRARY | 28/01/2008 | J B C, New Delhi | 200.00 | 1909 | 2 | 658.007 KOR | 8607 | 07/11/2025 | 07/11/2025 | 09/10/2008 | Text Books | 26/05/2026 | ||||
| Dewey Decimal Classification | MBA | PIET C-LIBRARY | PIET C-LIBRARY | 28/01/2008 | J B C, New Delhi | 200.00 | 1909 | 2 | 658.007 KOR | 8608 | 13/01/2024 | 13/01/2024 | 09/10/2008 | Text Books | 11/07/2024 | ||||
| Dewey Decimal Classification | MBA | PIET C-LIBRARY | PIET C-LIBRARY | 28/01/2008 | J B C, New Delhi | 200.00 | 1909 | 5 | 658.007 KOR | 8609 | 05/03/2026 | 18/02/2026 | 09/10/2008 | Text Books |